000 00607nam a22002297a 4500
003 OSt
008 140315b xxu||||| |||| 00| 0 eng d
100 1 _aFoster, Ralph T
041 _aeng
245 1 0 _aThe lost stamps of the United States
260 _aBerkeley, CA
_bFoster Publishing and Stamp Co
300 _a148 pages
650 0 _aUnited States
650 0 _aCollecting
650 0 _aIdentification
650 0 _aEducational Aspects of Collecting
650 0 _aTopical Collecting
650 0 _aHistory
650 0 _aGeography
650 0 _aDesigns Arrangement and Mounting
650 0 _aAlbums
999 _c439
_d439